000 00780nam a2200181Ia 4500
008 151018s9999 xx 000 0 und d
082 _bRBASDV60770
_a891.464
100 _aपांडुरंग फळदेसाई
245 _aगोमंतक संस्कृतीच्या पाउलखुणा
250 _b1
260 _b"मित्र समाज प्रकाशन, गोवा"
_c2013
300 _a152
600 _aपांडुरंग फळदेसाई
630 _aगोमंतक संस्कृतीच्या पाउलखुणा
700 _aपांडुरंग फळदेसाई
730 _aगोमंतक संस्कृतीच्या पाउलखुणा
942 _cBOOK
999 _c1054272
_d1054269